000 01525cam a2200421 a 4500
001 22178
003 VRT
005 20260321114953.0
008 150827s2011 xo g 000 f slo
015 _aSNBA2011/09-05155
020 _a9788055126296 (viaz.)
035 _aF5FC10E9-30A6-4CDB-96D5-F8467EBF93FC
035 _aurn:nbn:sk:snk-amjim0
035 _aurn:nbn:sk:snk-am001zdr
039 9 _a201911101926
_bcsnk01
_c201911101908
_dAUTHORITY
_c201911101853
_dAUTHORITY
_c201508271404
_dVLOAD
040 _aPPPK
_bslo
_cPPPK
_dSNK
_eAACR2
041 1 _aslo
_heng
044 _axo
_cSK
072 7 _a821.111(73)-3
_xAmerická próza
_2konspekt
080 _a821.111(73)-31
_22001
100 1 _aSteel, Danielle,
_d1947-
_4aut
240 1 0 _aBig girl
_lSlovensky
245 1 0 _aVeľké dievča
_cDanielle Steel ; [z anglického originálu preložila Tamara Chovanová]
250 _a1. vyd.
260 _aBratislava
_bIkar
_c2011
300 _a270 s.
_c21 cm
655 7 _aamerické romány
_2SNKPH
655 7 _aAmerican fiction
_2SNKPHeng
700 1 _aChovanová, Tamara,
_d1953-
_4trl
942 _2ddc
_cKLDO
_n0
949 _6270001000385242
_asvkbbA 132333
_bsvkbbm 720745
949 _617A0718338
_asnkSC 146812
_bsnk2011/19660
_o2012/11
949 _617A0773671
_asnkSC 146812 D1
_bsnk2011/23074
_o2012/11
_s6100:20140925
949 _62889175795
_asavukPV 15597
_bsavuk2011/5396
949 _63869A17267
_abpksh821.111(73)-31
_bbpksh60002
949 _6273K0547930
_asvkpoA 214584
_bsvkpo552776
980 _a821.111(73)-31
999 _c22178
_d22178